The journal of John Wesley / (Record no. 3754)
[ view plain ]
| 000 -LEADER | |
|---|---|
| fixed length control field | 03234cam a2200337I 4500 |
| 001 - CONTROL NUMBER | |
| control field | 1320778 |
| 003 - CONTROL NUMBER IDENTIFIER | |
| control field | OCoLC |
| 005 - DATE AND TIME OF LATEST TRANSACTION | |
| control field | 20181122150316.0 |
| 008 - FIXED-LENGTH DATA ELEMENTS--GENERAL INFORMATION | |
| fixed length control field | 750509s1974 ilu 000 0 eng d |
| 020 ## - INTERNATIONAL STANDARD BOOK NUMBER | |
| International Standard Book Number | 0802443907 |
| 020 ## - INTERNATIONAL STANDARD BOOK NUMBER | |
| International Standard Book Number | 9780802443908 |
| 035 ## - SYSTEM CONTROL NUMBER | |
| System control number | (OCoLC)1320778 |
| Canceled/invalid control number | (OCoLC)796948137 |
| 040 ## - CATALOGING SOURCE | |
| Original cataloging agency | SOI |
| Language of cataloging | eng |
| Transcribing agency | SOI |
| Modifying agency | OCL |
| -- | OCLCG |
| -- | ZWZ |
| -- | OCLCQ |
| -- | OCLCO |
| -- | OCLCF |
| -- | MXL |
| -- | CIRBC |
| 050 #4 - LIBRARY OF CONGRESS CALL NUMBER | |
| Classification number | BX8495.W5 |
| Item number | A2 1974 |
| 082 04 - DEWEY DECIMAL CLASSIFICATION NUMBER | |
| Classification number | 287.1 |
| Item number | W513B8 |
| Edition number | W513J |
| 092 0# - LOCALLY ASSIGNED DEWEY CALL NUMBER (OCLC) | |
| Classification number | 287.092 |
| Item number | W513jr |
| 100 1# - MAIN ENTRY--PERSONAL NAME | |
| Personal name | Wesley, John, |
| Dates associated with a name | 1703-1791. |
| 245 14 - TITLE STATEMENT | |
| Title | The journal of John Wesley / |
| Statement of responsibility, etc. | with an introduction by Hugh Price Hughes ; appreciation of the journal by Augustine Birrell ; edited by Percy Livingstone Parker. |
| 260 ## - PUBLICATION, DISTRIBUTION, ETC. | |
| Place of publication, distribution, etc. | Chicago : |
| Name of publisher, distributor, etc. | Moody Press, |
| Date of publication, distribution, etc. | [1974] |
| 300 ## - PHYSICAL DESCRIPTION | |
| Extent | 419 pages ; |
| Dimensions | 21 cm. |
| 336 ## - CONTENT TYPE | |
| Content type term | text |
| Content type code | txt |
| Source | rdacontent |
| 337 ## - MEDIA TYPE | |
| Media type term | unmediated |
| Media type code | n |
| Source | rdamedia |
| 338 ## - CARRIER TYPE | |
| Carrier type term | volume |
| Carrier type code | nc |
| Source | rdacarrier |
| 500 ## - GENERAL NOTE | |
| General note | Abridged edition. |
| 505 0# - FORMATTED CONTENTS NOTE | |
| Formatted contents note | 1. Wesley as a missionary to Georgia -- 2. Troubles in Georgia; return to England; Peter Böhler; "I felt my heart strangely warmed" -- 3. Field-preaching; "all the world my parish"; Whitefield; Wales; Experience with demons -- 4. Preaching incidents; Wesley's labor colony; dispute with Whitefield; curious interpretations; the mother of the Wesleys -- 5. Wesley refused sacrament at Epworth; Cornwall and the Scilly Isles; natural amphitheater and Gwennap; Wesley in danger -- 6. First Methodist conference; press gangs and mobs; Wesley's protest against ungodliness -- 7. Severe weather; Ireland; Wesley's protest against lawlessness -- 8. Wesley and the soldiers; in Ireland and Wales again; Wesley's protest against ungodliness -- 9. Wesley's marriage; dealings with Cornwall smugglers; his illness and recovery -- 10. Retirement in Paddington; Wesley slandered; premonitions; a dream -- 11. "I do indeed live by preaching"; Wesley's advice to travelers; trances; Wesley and the French prisoners -- 12. Wesley's letter to an editor; impositions and declaration; the speaking statue; Wesley's Pentecost -- 13. Wesley in Scotland again; Methodist wealth; "no law for Methodists"; exhausting days; Whitefield -- 14. Justice for Methodists; Methodist character; instructions to parents; Wesley's opinion of Mary queen of Scots -- 15. Wesley opens a new church; comments on Rousseau; geology, Swedenborg, and riding horseback; Grennap and 20,000 people; death of Whitefield -- 16. Windsor park; Wesley as art critic; Glasgow and Perth; at seventy, Wesley preaches to 30,000 people -- 17. Wesley arrested; a terrible ride; a Methodist Isaac Newton; Wesley and the American war -- 18. On the Isle of Man; city road chapel; Wesley visits Lord George Gordon -- 19. An ideal circuit; Wesley in his eighties; Wesley visits Holland; incidents in Scotland -- 20. Wesley collects money for the poor; visits the House of Lords; his reasons for his long life; "how is the tide turned!"; last entries. |
| 600 10 - SUBJECT ADDED ENTRY--PERSONAL NAME | |
| Personal name | Wesley, John, |
| Dates associated with a name | 1703-1791. |
| 655 #7 - INDEX TERM--GENRE/FORM | |
| Genre/form data or focus term | Diaries. |
| Source of term | fast |
| Authority record control number or standard number | (OCoLC)fst01423794 |
| 700 1# - ADDED ENTRY--PERSONAL NAME | |
| Personal name | Parker, Percy Livingstone, |
| Dates associated with a name | 1867-1925, |
| Relator term | editor. |
| 776 08 - ADDITIONAL PHYSICAL FORM ENTRY | |
| Relationship information | Online version: |
| Main entry heading | Wesley, John, 1703-1791. |
| Title | Journal of John Wesley. |
| Place, publisher, and date of publication | Chicago, Moody Press [1974] |
| Record control number | (OCoLC)647130910 |
| 942 ## - ADDED ENTRY ELEMENTS (KOHA) | |
| Source of classification or shelving scheme | Dewey Decimal Classification |
| Koha item type | Books |
| Withdrawn status | Lost status | Source of classification or shelving scheme | Damaged status | Not for loan | Collection code | Home library | Current library | Shelving location | Date acquired | Cost, normal purchase price | Total Checkouts | Full call number | Barcode | Date last seen | Price effective from | Koha item type |
|---|---|---|---|---|---|---|---|---|---|---|---|---|---|---|---|---|
| Dewey Decimal Classification | Not For Loan | Non-fiction | Harvest Mission College | Harvest Mission College | General Stacks | 22.11.2018 | 120.00 | 287.1 W513B8 | 004405 | 22.11.2018 | 22.11.2018 | Books |
